Loading...
The last juror /
| Main Author: | |
|---|---|
| Format: | Printed Book |
| Published: |
London :
Arrow,
2004.
|
| Subjects: |
| LEADER | 00533nam a2200169 a 4500 | ||
|---|---|---|---|
| 020 | |a 9780099457152 (pbk.) | ||
| 020 | |a 0099457156 (pbk.) | ||
| 082 | 0 | 4 | |a 823 |b JOH/L |
| 100 | 1 | |a John Grisham. | |
| 245 | 1 | 4 | |a The last juror / |c John Grisham. |
| 260 | |a London : |b Arrow, |c 2004. | ||
| 300 | |a 506 p. | ||
| 650 | 0 | |a Literature English |v Novel | |
| 650 | 0 | |a Literature | |
| 942 | |c BK | ||
| 999 | |c 55263 |d 55263 | ||
| 952 | |0 0 |1 0 |4 0 |6 823_000000000000000_JOH_L |7 0 |9 79014 |a SSUS |b SSUS |c STACKS |d 2015-08-05 |g 399.00 |o 823 JOH/L |p 077643 |r 2015-08-05 |w 2015-08-05 |y BK | ||